Statistics for Top 12 Philadelphia 76ers of All-Time

Click here to take the quiz!

General Stats

  • This quiz has been taken 41 times
  • The average score is 6 of 12

Answer Stats

#PlayerWin Shares% Correct
6Allen Iverson79.7
92%
2Julius Erving106.2
89%
7Wilt Chamberlain71.2
82%
3Charles Barkley106.1
74%
4Hal Greer102.7
61%
5Maurice Cheeks87.7
53%
8Billy Cunningham63.2
50%
9Andre Iguodala61.2
42%
1Dolph Schayes142.4
39%
11Red Kerr58.7
18%
12Steve Mix53.9
16%
10Larry Costello59.1
13%

Score Distribution

Percentile by Number Answered

Percent of People with Each Score

Your Score History

You have not taken this quiz